| 000 | 00451nam a22001457a 4500 | ||
|---|---|---|---|
| 999 |
_c7759 _d7757 |
||
| 005 | 20210324164035.0 | ||
| 008 | 210324b ||||| |||| 00| 0 eng d | ||
| 082 | _a345.408 23 | ||
| 100 |
_aMANOHAR AND CHITALEY _96503 |
||
| 245 | _aTHE AIR MANUAL CIVIL AND CRIMINAL GUARDIANS AND WARDS ACT, 1890 TO INCOME TAX ACT, 1961, [SEC-9] VOL-26, | ||
| 260 |
_aNAGPUR _bTHE ALL INDIA REPORTER PVT.LTD. |
||
| 300 | _a1336,p | ||
| 650 |
_aLAW _95701 |
||
| 942 | _cJRL | ||